Phir Sooye Harm Lay Chal (Record no. 325212)

000 -LEADER
fixed length control field 00341 a2200133 4500
001 - CONTROL NUMBER
control field 90139
003 - CONTROL NUMBER IDENTIFIER
control field NUST
082 ## - DEWEY DECIMAL CLASSIFICATION NUMBER
Classification number 297.55 JAV
100 ## - MAIN ENTRY--PERSONAL NAME
Personal name Javed Iqbal
9 (RLIN) 9440
245 ## - TITLE STATEMENT
Title Phir Sooye Harm Lay Chal
Statement of responsibility, etc. Javed Iqbal
Medium Urdu
260 ## - PUBLICATION, DISTRIBUTION, ETC.
Place of publication, distribution, etc. Lahore
Name of publisher, distributor, etc. Ilm-o-Irfan Publishers
Date of publication, distribution, etc. 2012
300 ## - PHYSICAL DESCRIPTION
Extent 192p.
500 ## - GENERAL NOTE
General note General Collection
942 ## - ADDED ENTRY ELEMENTS (KOHA)
Institution code [OBSOLETE] CAE NUST
Koha item type Book
Call number prefix 297.55 JAV
Source of classification or shelving scheme
Holdings
Withdrawn status Lost status Damaged status Not for loan Collection code Permanent Location Current Location Date acquired Total Checkouts Full call number Barcode Date last seen Price effective from Koha item type
          College of Aeronautical Engineering (CAE) College of Aeronautical Engineering (CAE) 04/03/2017   297.55 JAV CAE86595 04/05/2017 04/05/2017 Book
© 2023 Central Library, National University of Sciences and Technology. All Rights Reserved.